| 000 | 00444nam a2200169Ia 4500 | ||
|---|---|---|---|
| 008 | 241115s9999 xx 000 0 und d | ||
| 020 | _a0-471-59989-1 | ||
| 082 | _a510.2462 KRE | ||
| 100 | _aKreyszing, Erwin | ||
| 245 | 0 | _aAdvanced Engineering Mathematics | |
| 250 | _a7th ed. | ||
| 260 |
_aNew York: _bJhon Wiley Sons, _c1993 |
||
| 300 | _axvii,1271p. | ||
| 600 | _aHumanities & Natural Science | ||
| 650 | _aMathematics | ||
| 942 | _cBBD | ||
| 999 |
_c25823 _d25823 |
||